=LDR 00000nam 2200000 4500 =001 $a INLIS000000000008535 =005 $a 20260625152103 =008 $a 260625###########################0#ind## =022 ##$$a 978-979-456-363-2 =035 ##$$a 0010-0626000162 =082 ##$$a 363.7 =084 ##$$a 363.7 AND d =100 #$$a Andreas Pramudianto,SH, M. Si =245 ##$$a Diplomasi Lingkungan Teori dan Fakta $b - $c Andreas Pramudianto,SH, M. Si =247 ##$$a =260 ##$$a Jakarta $b UI Press $c 2008 =300 ##$$a xiv, 345 halaman $b ilus $c 23 cm $e - =310 ##$$a =321 ##$$a =520 #$$a =650 #$$a diplomasi lingkungan =700 #$$a =856 ##$$a Perpustakaan kemendukbangga =Wor $a 1